01251nab a22002417a 4500003000400000005001700004008004100021040000700062100002200069245011100091260007300202300001500275500003600290505028100326505008200607650001800689650003600707650003200743650003200775650004000807651001400847773014800861OSt20251219084256.0190429b xxu||||| |||| 00| 0 spa d cPJ aMorabito, Rodrigo10aUna aproximación al análisis del delito juvenil en la justicia penal adolescente / cRodrigo Morabito. cCiudad Autónoma de Buenos Aires :aThomson Reuters La Ley, b2025. ap. 149-152 aCita: TR LALEY AR/DOC/724/2025. aSumario: I. La provincia de Catamarca como punto de partida del análisis.— II. Las estadísticas en el NOA.— III. El delito juvenil o adolescente en el país. Casos y casos.— IV. A modo de conclusión una pregunta final: ¿puede prevenirse el delito penal juvenil?. tSi te interesa el texto completo, solicitalo a koha@justierradelfuego.gov.ar  0aDERECHO PENAL 0aRÉGIMEN PENAL DE LA MINORIDAD 0aDELITOS CONTRA LA PROPIEDAD 0aDELITOS CONTRA LAS PERSONAS 0aDELITOS CONTRA LA INTEGRIDAD SEXUAL 0aCATAMARCA0 02658tRevista de derecho penal y criminología. Nº 4 - Mayo 2025dCiudad Autónoma de Buenos Aires : Thomson Reuters La Ley, 2017-x00347914